| 000 | 00644nam a22002057a 4500 | ||
|---|---|---|---|
| 003 | BD-DhJNU | ||
| 005 | 20250115060021.0 | ||
| 008 | 250115b |||||||| |||| 00| 0 eng d | ||
| 020 | _a0804710856 | ||
| 040 |
_aBD-DhJNU _bENG _cBD-DhJNU _dBD-DhJNU |
||
| 082 |
_223 _a363.32 |
||
| 100 | _aDallin, Alexander | ||
| 245 |
_aPolitical terror in communist systems / _cAlexander Dallin and George W. Breslauer |
||
| 260 |
_aCalifornia : _bStanford University Press, _c1970. |
||
| 300 |
_axi, 172 p. : _c22 cm. |
||
| 504 | _aincludes bibliographical reference and index | ||
| 650 | _aTerrorism | ||
| 700 | _aBreslauer, George W. | ||
| 942 |
_2ddc _cBK _n0 |
||
| 999 |
_c1094 _d1094 |
||